| Tag |
First Indicator |
Second Indicator |
Subfields |
| LEADER |
00000cam a2200000 a 4500 |
| 001 |
in00000035220 |
| 005 |
20151007055330.0 |
| 008 |
870713s1988 nyu br 00110 eng |
| 010 |
|
|
|a 87021035
|
| 020 |
|
|
|a 0910129630 :
|c $28.00
|
| 020 |
|
|
|a 0910129711 (pbk.) :
|c $18.00
|
| 035 |
|
|
|a (OCoLC)16276566
|
| 035 |
|
|
|9 AAB7926AM
|
| 040 |
|
|
|a DLC
|c DLC
|d OCL
|d TXA
|d UtOrBLW
|
| 049 |
|
|
|a TXAM
|c [A11507664]
|
| 050 |
0 |
0 |
|a Z7164.C81
|b S772 1988
|a HF5657
|
| 082 |
0 |
|
|a 016.657/05
|2 19
|
| 100 |
1 |
|
|a Spiceland, J. David,
|d 1949-
|
| 245 |
1 |
0 |
|a International guide to accounting journals /
|c by J. David Spiceland and Surendra P. Agrawal.
|
| 264 |
|
1 |
|a New York :
|b M. Wiener,
|c [1988]
|
| 264 |
|
4 |
|c ©1988
|
| 300 |
|
|
|a 291 pages ;
|c 24 cm.
|
| 336 |
|
|
|a text
|b txt
|2 rdacontent
|
| 337 |
|
|
|a unmediated
|b n
|2 rdamedia
|
| 338 |
|
|
|a volume
|b nc
|2 rdacarrier
|
| 500 |
|
|
|a Includes index.
|
| 650 |
|
0 |
|a Accounting
|v Periodicals
|x Bibliography.
|
| 650 |
|
0 |
|a Accounting literature
|x Publishing
|x Directories.
|
| 700 |
1 |
|
|a Agrawal, Surendra P.
|
| 999 |
|
|
|a MARS
|
| 999 |
f |
f |
|s 35912562-d684-371a-8c24-e4ad781313f0
|i c74e1790-eeaa-3bfa-985e-8eedc8654f76
|t 0
|
| 952 |
f |
f |
|p ric
|a Texas A&M University
|b Rellis Campus
|c Joint Library Facility
|d Remote Storage
|t 0
|e Z7164.C81 S772 1988
|h Library of Congress classification
|i unmediated -- volume
|m A14842715873
|
| 998 |
f |
f |
|a Z7164.C81 S772 1988
|t 0
|l Remote Storage
|